Normal view
MARC view
- Ergin , Mehmed/Al-Zou'bi , Moneef R Editor /Doruk , Muslafa Editor
Entry Personal Name
001 - CONTROL NUMBER
- control field: 3685
003 - CONTROL NUMBER IDENTIFIER
- control field: JO-AjAnu
005 - DATE AND TIME OF LATEST TRANSACTION
- control field: 20230606070915.0
008 - FIXED-LENGTH DATA ELEMENTS
- fixed length control field: 230606|| aca||aabn | a|a d
040 ## - CATALOGING SOURCE
- Original cataloging agency: JO-AjAnu
- Transcribing agency: JO-AjAnu
100 ## - HEADING--PERSONAL NAME
- Personal name: Ergin , Mehmed/Al-Zou'bi , Moneef R Editor /Doruk , Muslafa Editor
670 ## - SOURCE DATA FOUND
- Source citation: Work cat.: (JO-AjAnu)1922: Ergin , Mehmed/Al-Zou'bi , Moneef R Editor /Doruk , Muslafa Editor , author, Information Technology for Development in the Islamic World held in Tunis , Tunisia , 20-24 November , 2000